Представление документа в формате RUSMARC

ПолеНазваниеЗначение
  Тип записи a
  Библиографический уровень m
001 Контрольный номер RU/ГПНТБ России/KNIGADB/63.3(2)/Н 59-938118572
005 Дата корректировки 20260703102451.2
010 Индекс ISBN __
a ISBN 978-5-17-152872-0
b Уточнения в пер.
9 Тираж 1500 экз.
100 Данные общей обработки __
a Данные общей обработки 20260703d2024 mady0rusy028902 ca
101 Язык документа 0_
a Язык текста rus
102 Страна публикации __
a Страна публикации RU
105 Кодированные данные (монография) __
a Кодированные данные (монография) a j 000yy
181 Поле кодированных данных: вид содержания _0
a Код вида содержания (ISBD) i
182 Поле кодированных данных: тип средства _0
a Код типа средства (ISBD) n
200 Заглавие и сведения об ответственности 1_
a Заглавие Я - Россия
e Сведения, относящиеся к заглавию полная история великих достижений нашей страны
f Первые сведения об ответственности Сергей Нечаев
203 Вид содержания и тип средства __
c Тип средства непосредственный
a Вид содержания Текст
210 Выходные данные 1_
a Место издания Москва
c Издательство АСТ
c Издательство Времена
d Дата издания 2024
215 Физическое описание __
a Объем 348, [3] с.
c Иллюстрации/тип воспроизводства ил., цв. ил., фот., факс., табл.
d Формат 25 см
225 Серия 2_
a Серия В ритме эпохи
300 Общие примечания __
a Общие примечания Автор указан в макете
330 Аннотация __
a Аннотация Россия уникальная страна, самое крупное государство в мире, занимающее третью часть материка. Она богата природными ресурсами, своей историей, культурой, людьми. Пушкин, Суворов, Кутузов, Достоевский, Попов, Менделеев, Мечников, Репин, Кандинский, Малевич, Гагарин... этот ряд можно продолжать бесконечно. В книге "Я - Россия" представлены сведения об уникальных особенностях страны. Географическое положение и природа, исторические события и решающие битвы, главные достопримечательности и уникальные места, научно-технические, культурные и спортивные достижения. Наши ученые, полководцы, изобретатели, космонавты, писатели, живописцы, и многие другие выдающиеся личности, внесли вклад не только в русскую, но и мировую цивилизацию. Многим по всему миру известны наши славные победы, достижения и загадочный "русский дух"
333 Примечание о целевом назначении __
a Примечание о целевом назначении 12+. Для детей старше 12 лет
540 Дополнительное заглавие, сделанное каталогизатором 10
a Дополнительное заглавие, сделанное каталогизатором Полная история великих достижений нашей страны
606 Тематические рубрики __
a Основная рубрика История
2 Код системы nlr_sh
606 Тематические рубрики __
2 Код системы nlr_sh
a Основная рубрика История России в целом
610 Ключевые слова 0_
a Ключевые слова история России
610 Ключевые слова 0_
a Ключевые слова патриотизм
610 Ключевые слова 0_
a Ключевые слова патриотическая литература
610 Ключевые слова 0_
a Ключевые слова патриотическое воспитание
610 Ключевые слова 0_
a Ключевые слова государственная символика
610 Ключевые слова 0_
a Ключевые слова география России
610 Ключевые слова 0_
a Ключевые слова российские ученые
610 Ключевые слова 0_
a Ключевые слова российские изобретатели
610 Ключевые слова 0_
a Ключевые слова экономика России
610 Ключевые слова 0_
a Ключевые слова нобелевские лауреаты
610 Ключевые слова 0_
a Ключевые слова российские спортсмены
610 Ключевые слова 0_
a Ключевые слова достопримечательности России
610 Ключевые слова 0_
a Ключевые слова русская кухня
610 Ключевые слова 0_
a Ключевые слова ордена России
686 Индексы других классификаций __
2 Код системы rubbks
a Классификационный индекс 63.3(2)
700 Автор _1
a Фамилия Нечаев
b Имя С. Ю.
g Полное личное имя Сергей Юрьевич
f Даты 1957-
4 Код отношения 070
801 Источник записи _0
b Организация ГПНТБ России
a Страна RU
c Дата составления 20260703
g Правила каталогизации PSBO
801 Источник записи _1
b Организация ГПНТБ России
a Страна RU
c Дата составления 20260703
g Правила каталогизации PSBO
852 Данные о местонахождении 5_
j Шифр хранения 63.3(2)
i Авторский знак Н 59
901 Тип документа __
a Ответственный КиК/Обаева
t Тип документа m
901 Тип документа __
a Ответственный без партии
903 Характеристики (МАРС) __
a Дата передачи 20260703
c Наименование библиотеки (МАРС) Муниципальное бюджетное учреждение культуры "Централизованная библиотечная система" г. Сургут (Центральная городская библиотека им. А. С. Пушкина)
969 Тип издания __
a Тип издания учебное издание